[Event "Foment Martinenc op-B 17th"]
[Site "Barcelona"]
[Date "2015.06.06"]
[Round "7"]
[White "Cespedes Llaverias, Llibert"]
[Black "Garcia Garrido, Enric"]
[Result "0-1"]
[WhiteElo "1950"]
[BlackElo "1981"]
[PlyCount "44"]
[EventDate "2015.04.25"]
[EventType "swiss"]
[EventRounds "9"]
[EventCountry "ESP"]
[SourceTitle "EXT 2017"]
[Source "ChessBase"]
[SourceDate "2016.10.25"]
[SourceVersion "1"]
[SourceVersionDate "2016.10.25"]
[SourceQuality "1"]

1. e4 e5 2. Nf3 Nf6 3. d4 Nxe4 4. Bd3 Nc6 5. d5 Nc5 6. dxc6 e4 7. Ng5 exd3 8. b4 Ne6 9. Nxe6 dxe6 10. cxb7 Bxb7 11. cxd3 Bxb4+ 12. Kf1 Bc5 13. Qb3 Qd5 14. Qxd5 Bxd5 15. Bb2 f6 16. Nc3 Rb8 17. Nxd5 Rxb2 18. Nxc7+ Kd7 19. Rc1 Bb6 20. Na6 Rc8 21. Rxc8 Kxc8 22. g3 Kb7 0-1

[Event "Foment Martinenc op-B 17th"]
[Site "Barcelona"]
[Date "2015.05.16"]
[Round "4"]
[White "Pera Muntasell, Marc"]
[Black "Garcia Garrido, Enric"]
[Result "1-0"]
[WhiteElo "1893"]
[BlackElo "1981"]
[PlyCount "83"]
[EventDate "2015.04.25"]
[EventType "swiss"]
[EventRounds "9"]
[EventCountry "ESP"]
[SourceTitle "EXT 2017"]
[Source "ChessBase"]
[SourceDate "2016.10.25"]
[SourceVersion "1"]
[SourceVersionDate "2016.10.25"]
[SourceQuality "1"]

1. e4 d6 2. d4 g6 3. f4 Bg7 4. Nf3 a6 5. Nc3 b5 6. Bd3 e6 7. Be3 Ne7 8. Qd2 Nd7 9. b4 Bb7 10. 0-0 0-0 11. Rac1 Rc8 12. Ne2 Nf6 13. Ng3 Ng4 14. c4 Nxe3 15. Qxe3 c6 16. Rfd1 Qd7 17. c5 a5 18. a3 axb4 19. axb4 Ra8 20. Ra1 Rfd8 21. Bc2 Qc8 22. e5 Nd5 23. Qd2 dxc5 24. bxc5 Qc7 25. Bb3 f6 26. Ne4 fxe5 27. fxe5 Ra6 28. Rxa6 Bxa6 29. Ra1 Bc8 30. Ra5 Qf7 31. Nd6 Qf8 32. Ra8 Bd7 33. Ra7 Bh6 34. Qa5 Bc8 35. Ra8 Be3+ 36. Kh1 g5 37. Bxd5 exd5 38. Qc7 g4 39. Ng1 Bxd4 40. Nxc8 Bxc5 41. e6 Bd6 42. Qxc6 1-0

[Event "Foment Martinenc op-B 17th"]
[Site "Barcelona"]
[Date "2015.05.09"]
[Round "3"]
[White "Garcia Garrido, Enric"]
[Black "Salazar Navas, Josep"]
[Result "0-1"]
[WhiteElo "1981"]
[BlackElo "2025"]
[PlyCount "28"]
[EventDate "2015.04.25"]
[EventType "swiss"]
[EventRounds "9"]
[EventCountry "ESP"]
[SourceTitle "EXT 2017"]
[Source "ChessBase"]
[SourceDate "2016.10.25"]
[SourceVersion "1"]
[SourceVersionDate "2016.10.25"]
[SourceQuality "1"]

1. e4 d5 2. exd5 Nf6 3. d4 Nxd5 4. c4 Nb6 5. Nc3 e5 6. Be3 exd4 7. Bxd4 Nc6 8. Be3 Be6 9. b3 Bb4 10. Nge2 Ne5 11. Bd4 Qf6 12. a3 Bxc3+ 13. Nxc3 Rd8 14. c5 Rxd4 0-1

[Event "Foment Martinenc op-B 17th"]
[Site "Barcelona"]
[Date "2015.05.02"]
[Round "2"]
[White "Garcia Garrido, Enric"]
[Black "Perez Garcia, Adria"]
[Result "1/2-1/2"]
[WhiteElo "1981"]
[BlackElo "2052"]
[PlyCount "103"]
[EventDate "2015.04.25"]
[EventType "swiss"]
[EventRounds "9"]
[EventCountry "ESP"]
[SourceTitle "EXT 2017"]
[Source "ChessBase"]
[SourceDate "2016.10.25"]
[SourceVersion "1"]
[SourceVersionDate "2016.10.25"]
[SourceQuality "1"]

1. e4 c6 2. d4 d5 3. Nd2 dxe4 4. Nxe4 Bf5 5. Ng3 Bg6 6. Nf3 Nd7 7. Bd3 Bxd3 8. Qxd3 e6 9. 0-0 Ngf6 10. c4 Be7 11. b3 0-0 12. Bb2 a5 13. a4 Qb6 14. Rfe1 Rfd8 15. Nf1 Bb4 16. N1d2 Nf8 17. Bc3 c5 18. Bxb4 Qxb4 19. Qe3 cxd4 20. Nxd4 Ng4 21. Qf4 e5 22. Qxg4 Rxd4 23. Ne4 Ng6 24. Red1 Qxb3 25. Rxd4 exd4 26. Nd6 Rd8 27. Qxd4 Qb4 28. Rd1 Qxa4 29. Qd5 Rd7 30. c5 Nf4 31. Qd2 Qb4 32. g3 Qxd2 33. Rxd2 Ne6 34. Ra2 b6 35. Ne4 bxc5 36. Rxa5 c4 37. Ra8+ Rd8 38. Rxd8+ Nxd8 39. Kf1 Nb7 40. Ke2 f5 41. Nd2 Nd6 42. Ke3 Kf7 43. Kd4 Kf6 44. Nxc4 Nxc4 45. Kxc4 f4 46. Kd4 Kf5 47. h3 h5 48. Kd3 g5 49. Kd4 fxg3 50. fxg3 h4 51. gxh4 gxh4 52. Ke3 1/2-1/2

[Event "Foment Martinenc op-A 16th"]
[Site "Barcelona"]
[Date "2014.06.07"]
[Round "7"]
[White "Sama Salinas, Hector"]
[Black "Garcia Garrido, Enric"]
[Result "1/2-1/2"]
[WhiteElo "1698"]
[BlackElo "1925"]
[PlyCount "45"]
[EventDate "2014.04.26"]
[EventType "swiss"]
[EventRounds "9"]
[EventCountry "ESP"]
[SourceTitle "EXT 2015"]
[Source "ChessBase"]
[SourceDate "2014.11.20"]
[SourceVersion "1"]
[SourceVersionDate "2014.11.20"]
[SourceQuality "1"]

1. e4 e5 2. Bc4 Nf6 3. d3 c6 4. Nf3 d5 5. Bb3 Bd6 6. Bg5 dxe4 7. dxe4 Qa5+ 8. Bd2 Qc7 9. Qe2 Nbd7 10. Bg5 h6 11. Bh4 0-0 12. Nbd2 Be7 13. Bg3 Nh5 14. c3 Nxg3 15. hxg3 Nc5 16. Bc2 Bg4 17. Nc4 Nd7 18. Ne3 Nf6 19. Nxg4 Nxg4 20. Nh4 Bxh4 21. Rxh4 Nf6 22. Qf3 Qe7 23. Bb3 1/2-1/2

[Event "Foment Martinenc op-A 16th"]
[Site "Barcelona"]
[Date "2014.05.31"]
[Round "6"]
[White "Garcia Garrido, Enric"]
[Black "Martinez Lopez, Carlos"]
[Result "0-1"]
[WhiteElo "1925"]
[BlackElo "1780"]
[PlyCount "84"]
[EventDate "2014.04.26"]
[EventType "swiss"]
[EventRounds "9"]
[EventCountry "ESP"]
[SourceTitle "EXT 2015"]
[Source "ChessBase"]
[SourceDate "2014.11.20"]
[SourceVersion "1"]
[SourceVersionDate "2014.11.20"]
[SourceQuality "1"]

1. e4 c5 2. Nf3 Nc6 3. d4 cxd4 4. Nxd4 Nf6 5. Nc3 d6 6. Be2 g6 7. Nxc6 bxc6 8. e5 dxe5 9. Qxd8+ Kxd8 10. Bf3 Bb7 11. Bg5 Kc7 12. 0-0-0 Rd8 13. Rxd8 Kxd8 14. Be3 a6 15. Rd1+ Kc7 16. Na4 Nd7 17. g3 e6 18. c4 Be7 19. Bd2 Kc8 20. Ba5 Bd8 21. Bc3 Bc7 22. Bg2 Rd8 23. Re1 c5 24. Bxb7+ Kxb7 25. b3 f5 26. f3 g5 27. Nb2 e4 28. fxe4 f4 29. e5 f3 30. Nd3 g4 31. Re4 Rf8 32. Nf2 h5 33. Kd2 Rf5 34. b4 cxb4 35. Bxb4 Rxe5 36. Re1 Rxe1 37. Kxe1 Ne5 38. c5 Kc6 39. Kf1 a5 40. Ba3 Nc4 41. Bc1 Kd5 42. Nd3 e5 0-1

[Event "Foment Martinenc op-A 16th"]
[Site "Barcelona"]
[Date "2014.05.10"]
[Round "3"]
[White "Lacasta Palacio, Joaquim"]
[Black "Garcia Garrido, Enric"]
[Result "1-0"]
[WhiteElo "2119"]
[BlackElo "1925"]
[PlyCount "59"]
[EventDate "2014.04.26"]
[EventType "swiss"]
[EventRounds "9"]
[EventCountry "ESP"]
[SourceTitle "EXT 2015"]
[Source "ChessBase"]
[SourceDate "2014.11.20"]
[SourceVersion "1"]
[SourceVersionDate "2014.11.20"]
[SourceQuality "1"]

1. d4 Nf6 2. g3 g6 3. Bg2 Bg7 4. e4 d6 5. Ne2 0-0 6. 0-0 e5 7. c3 Nbd7 8. Nd2 Re8 9. d5 a5 10. a4 Nc5 11. b4 Ncd7 12. Nb3 axb4 13. cxb4 b6 14. f3 h6 15. Be3 Nf8 16. Qc2 Re7 17. Rfc1 Ne8 18. a5 bxa5 19. Nxa5 Bd7 20. Nc6 Bxc6 21. Qxc6 Rb8 22. b5 Qd7 23. Nc3 g5 24. Ba7 Qxc6 25. dxc6 Rd8 26. Nd5 Ng6 27. Bh3 Nf6 28. Nxe7+ Nxe7 29. b6 cxb6 30. c7 1-0

[Event "La Pobla de Lillet op 15th"]
[Site "La Pobla de Lillet"]
[Date "2005.08.08"]
[Round "7"]
[White "Ruiz Manchon, Francesco Xavier"]
[Black "Garcia Garrido, Enric"]
[Result "1-0"]
[WhiteElo "2101"]
[BlackElo "1991"]
[PlyCount "109"]
[EventDate "2005.08.02"]
[EventType "swiss"]
[EventRounds "9"]
[EventCountry "ESP"]
[SourceTitle "CBM 107 Extra"]
[Source "ChessBase"]
[SourceDate "2005.09.01"]
[SourceVersion "1"]
[SourceVersionDate "2005.09.01"]
[SourceQuality "1"]

1. e4 e5 2. f4 d5 3. exd5 exf4 4. Nf3 c6 5. d4 Bd6 6. dxc6 Nxc6 7. Be2 Nge7 8. 0-0 0-0 9. c4 Bg4 10. Nc3 a6 11. c5 Bb8 12. d5 Bxf3 13. Bxf3 Ne5 14. b4 Nxf3+ 15. Qxf3 Be5 16. d6 Ng6 17. Rb1 Nh4 18. Qh3 f3 19. Nd5 fxg2 20. Rf2 Ng6 21. Rxg2 Bxd6 22. cxd6 Qxd6 23. Rd2 Rad8 24. Bb2 Qe6 25. Qe3 f6 26. Rbd1 Ne5 27. Qg3 Kh8 28. Bxe5 fxe5 29. a3 Rd7 30. Ne3 Rxd2 31. Rxd2 Qc6 32. Rf2 Qc1+ 33. Nf1 Rxf2 34. Qxf2 Qg5+ 35. Ng3 Qc1+ 36. Kg2 Kg8 37. Qf3 Qb2+ 38. Kh3 Qc1 39. Qd5+ Kf8 40. Qc5+ Qxc5 41. bxc5 Ke7 42. Ne4 Ke6 43. Kg4 Kd5 44. Kf3 Kc6 45. Ke3 b5 46. cxb6 Kxb6 47. Ng5 h6 48. Nf7 Ka5 49. Nxe5 Ka4 50. Kd3 Kxa3 51. Kc3 a5 52. h4 g5 53. h5 Ka4 54. Ng4 Kb5 55. Nxh6 1-0

[Event "La Pobla de Lillet op 15th"]
[Site "La Pobla de Lillet"]
[Date "2005.08.07"]
[Round "6"]
[White "Garcia Garrido, Enric"]
[Black "Fabre Massana, Miquel"]
[Result "1/2-1/2"]
[WhiteElo "1991"]
[BlackElo "2136"]
[PlyCount "37"]
[EventDate "2005.08.02"]
[EventType "swiss"]
[EventRounds "9"]
[EventCountry "ESP"]
[SourceTitle "CBM 107 Extra"]
[Source "ChessBase"]
[SourceDate "2005.09.01"]
[SourceVersion "1"]
[SourceVersionDate "2005.09.01"]
[SourceQuality "1"]

1. e4 e5 2. Nf3 d6 3. d4 Bg4 4. dxe5 Nd7 5. Be2 dxe5 6. Be3 Ngf6 7. Nbd2 Bc5 8. Bxc5 Nxc5 9. Nxe5 Bxe2 10. Qxe2 0-0 11. 0-0-0 Qe8 12. Ng4 Nfxe4 13. Nxe4 Qxe4 14. Qxe4 Nxe4 15. Rd7 f5 16. Ne3 Nxf2 17. Rf1 Ng4 18. Nxf5 Kh8 19. h3 1/2-1/2

[Event "La Pobla de Lillet op 15th"]
[Site "La Pobla de Lillet"]
[Date "2005.08.02"]
[Round "1"]
[White "Hebden, Mark"]
[Black "Garcia Garrido, Enric"]
[Result "1-0"]
[WhiteElo "2510"]
[BlackElo "1991"]
[PlyCount "55"]
[EventDate "2005.08.02"]
[EventType "swiss"]
[EventRounds "9"]
[EventCountry "ESP"]
[SourceTitle "CBM 107 Extra"]
[Source "ChessBase"]
[SourceDate "2005.09.01"]
[SourceVersion "1"]
[SourceVersionDate "2005.09.01"]
[SourceQuality "1"]

1. d4 Nf6 2. Nf3 g6 3. Nc3 d5 4. Bf4 c6 5. h3 Bg7 6. e3 0-0 7. Bd3 Nbd7 8. 0-0 Re8 9. Bh2 a6 10. a4 b6 11. a5 c5 12. Ne5 Bb7 13. axb6 c4 14. Be2 Nxb6 15. b3 Nfd7 16. Nxd7 Qxd7 17. bxc4 Nxc4 18. Na4 Qc6 19. Nc5 Bh6 20. Qb1 Nxe3 21. fxe3 Bxe3+ 22. Kh1 Bxd4 23. Qxb7 Qxc5 24. Rxa6 Rxa6 25. Bxa6 Rf8 26. Qd7 Qa7 27. Bb7 e6 28. Bd6 1-0

[Event "Barcelona Sant Marti op 04th"]
[Site "Barcelona"]
[Date "2002.05.11"]
[Round "6.11"]
[White "Montalban Colell, Bernat"]
[Black "Garcia Garrido, Enric"]
[Result "1/2-1/2"]
[WhiteElo "1800"]
[BlackElo "2040"]
[PlyCount "73"]
[EventDate "2002.04.06"]
[EventType "swiss"]
[EventRounds "9"]
[EventCountry "ESP"]
[SourceTitle "EXT 2003"]
[Source "ChessBase"]
[SourceDate "2002.11.25"]
[SourceVersion "1"]
[SourceVersionDate "2002.11.25"]
[SourceQuality "1"]

1. e4 c5 2. Nf3 Nc6 3. d4 cxd4 4. Nxd4 Nf6 5. Nc3 d6 6. Be2 e5 7. Nb3 Be7 8. 0-0 0-0 9. Be3 a5 10. a4 Be6 11. f3 Nb4 12. Bb5 Rc8 13. Qe2 d5 14. exd5 Nfxd5 15. Rad1 Qc7 16. Nxd5 Nxd5 17. c4 Nxe3 18. Qxe3 Rfd8 19. Kh1 h6 20. Nd2 Bg5 21. Qe2 Bxd2 22. Rxd2 Rxd2 23. Qxd2 Rd8 24. Qc3 b6 25. h3 f6 26. b3 Bf5 27. Rc1 Rd3 28. Qb2 Qc5 29. Re1 Qb4 30. Qf2 Qd6 31. c5 bxc5 32. Bxd3 Qxd3 33. Qxc5 Qxb3 34. Qxa5 Bxh3 35. gxh3 Qxf3+ 36. Kg1 Qg3+ 37. Kf1 1/2-1/2

[Event "Barcelona Sant Marti op 04th"]
[Site "Barcelona"]
[Date "2002.05.04"]
[Round "5.2"]
[White "Garcia Garrido, Enric"]
[Black "Pellus Ruiz, Josep"]
[Result "0-1"]
[WhiteElo "2040"]
[BlackElo "2240"]
[PlyCount "92"]
[EventDate "2002.04.06"]
[EventType "swiss"]
[EventRounds "9"]
[EventCountry "ESP"]
[SourceTitle "EXT 2003"]
[Source "ChessBase"]
[SourceDate "2002.11.25"]
[SourceVersion "1"]
[SourceVersionDate "2002.11.25"]
[SourceQuality "1"]

1. e4 Nc6 2. Nf3 f5 3. e5 d6 4. Bb5 e6 5. Bxc6+ bxc6 6. 0-0 Nh6 7. d4 Nf7 8. Re1 d5 9. c4 Be7 10. cxd5 cxd5 11. Nc3 0-0 12. Ne2 g5 13. Kh1 g4 14. Nfg1 c5 15. Be3 cxd4 16. Qxd4 Ng5 17. Bxg5 Bxg5 18. Nf4 Qb6 19. Qxb6 axb6 20. Nge2 Bd7 21. a3 Rfc8 22. Rac1 Bb5 23. Rc3 Bxe2 24. Nxe2 Rxc3 25. Nxc3 Bd2 26. Rb1 Bxc3 27. bxc3 Rxa3 28. g3 Ra6 29. Kg2 Kf7 30. h3 h5 31. hxg4 fxg4 32. Rb5 Ra3 33. Rxb6 Rxc3 34. Kf1 Rc4 35. Rb7+ Kg6 36. Re7 Kf5 37. Rh7 Kxe5 38. Rxh5+ Ke4 39. Rh8 e5 40. Rd8 Rc1+ 41. Ke2 d4 42. Rf8 Rc2+ 43. Ke1 Kd3 44. f4 e4 45. Ra8 Rc1+ 46. Kf2 e3+ 0-1